000 00946nam a22003137a 4500
003 CHAP
005 20220329133909.0
008 971013s1962 r 00010 d
010 _a12417
011 _a13389
035 _a17460
040 _cCHAP
082 _a532
_bG5
100 0 0 _aGiles, Ronald V.
_947996
245 _aTheory and problems of fluid mechanics and hydraulics
250 _a2 ed.
260 _aNew York :
_bSchaum,
_c1962
300 _a274 p.
_b: ilus.
590 _aBATCH-UPD
_b10
_c20130110
_lUCH01
_h0914
590 _aBATCH-UPD
_b10
_c20130410
_lUCH01
_h0538
590 _aBATCH-UPD
_b10
_c20130914
_lUCH01
_h1546
590 _aCONVERSION
_b10
_c20130109
_lUCH01
_h1308
650 1 4 _aHidráulica.
_955219
650 1 4 _aMecánica de fluídos.
_973821
901 _aBK
942 _cLIBRO
949 _a532 G5
_bBC
_cLIBRO
_d33724000394250
_eLIBRO
_fc.2
_i17460
_si
949 _a532 G5
_bBC
_cLIBRO
_d33724000394268
_eLIBRO
_i17460
_si
999 _c12417
_d12417